Tenniste con il maggior numero di finali negli Slam - Statistics

Statistiche generali
  • Questo quiz è stato fatto 5 volte
  • Il punteggio medio è 7 su 10
Statistiche sulle risposte
Nazione Numero finali Tennista % Corretto
Cecoslovacchia / Stati Uniti 32 Martina Navrátilová
100%
Stati Uniti 33 Serena Williams
100%
Germania Ovest / Germania 31 Steffi Graf
100%
Stati Uniti 16 Venus Williams
100%
Belgio 12 Justine Henin
75%
Svizzera 12 Martina Hingis
75%
Jugoslavia / Stati Uniti 13 Monica Seles
75%
Stati Uniti 34 Chris Evert
50%
Spagna 12 Arantxa Sánchez Vicario
25%
Australia 12 Evonne Goolagong
25%
Nessun quiz corrispondente trovato
Distribuzione punteggi
Percentuale di utenti per punteggio
Percentile per numero di risposta
I tuoi punteggi nel tempo
Non hai fatto questo quiz